书目信息 |
| 题名: |
和青年朋友谈谈学习中的几个问题
|
|
| 作者: | 如潜 著 | |
| 分册: | ||
| 出版信息: | 北京 中国青年出版社 1978 |
|
| 页数: | 98页 | |
| 开本: | 19cm | |
| 丛书名: | ||
| 单 册: | ||
| 中图分类: | D432.63 | |
| 科图分类: | ||
| 主题词: | 学习--问题--青年读物 | |
| 电子资源: | ||
| ISBN: | ||
| 000 | 00647nam0 2200229 45 | |
| 001 | 0178005248 | |
| 005 | 20060816151938.00 | |
| 010 | @dCNY0.20 | |
| 091 | @a7009.54 | |
| 100 | @a19950713d1978 em y0chiy0121 ea | |
| 101 | 0 | @achi |
| 102 | @aCN@b110000 | |
| 105 | @ay z 000yy | |
| 200 | 10 | @a和青年朋友谈谈学习中的几个问题@Ahe qing nian peng you tan tan xue xi zhong de ji ge wen ti@f如潜著@Fru qian zhu |
| 205 | @a增订本 | |
| 210 | @a北京@c中国青年出版社@d1978 | |
| 215 | @a98页@d19cm | |
| 606 | @a学习@x问题@x青年读物 | |
| 690 | @aD432.63@v3 | |
| 701 | 0 | @a如潜@Aru qian@4著 |
| 801 | 0 | @aCN@bTSSF@c20060816 |
| 905 | @a10447@dD432.63@e179 | |
| 和青年朋友谈谈学习中的几个问题/如潜著.-增订本.-北京:中国青年出版社,1978 |
| 98页;19cm |
| ISBN :CNY0.20 |
| ● |
| 相关链接 |
|
|
|
|
正题名:和青年朋友谈谈学习中的几个问题
索取号:D432.63/179
 
预约/预借
| 序号 | 登录号 | 条形码 | 馆藏地/架位号 | 状态 | 备注 |
| 1 | 0004667 | 202206932 | 密集书库/ [索取号:D432.63/179] | 在馆 | |
| 2 | 0004668 | 202365270 | 密集书库/ [索取号:D432.63/179] | 在馆 | |
| 3 | 0449100 | 204491004 | 密集书库/ [索取号:D432.63/179] | 在馆 | |
| 4 | 0464959 | 204649595 | 密集书库/ [索取号:D432.63/179] | 在馆 |